CorelDraw 12 : Toàn tập /

Đã lưu trong:
書目詳細資料
主要作者: Nguyễn Ngọc Tuấn
格式: Sách giấy
語言:Vietnamese
出版: H. : Thống kê, 2004
叢編:Đồ hoạ máy tính
主題:
標簽: 添加標簽
沒有標簽, 成為第一個標記此記錄!
Thư viện lưu trữ: Thư viện Trường Đại học Đà Lạt
LEADER 00780nam a2200313 4500
001 DLU050048321
005 ##20050829
040 # # |a DLU  |b vie 
041 # # |a vie 
044 # # |a vn 
082 # # |a 006.68  |b NG-T 
100 # # |a Nguyễn Ngọc Tuấn 
245 # # |a CorelDraw 12 :  |b Toàn tập /  |c Nguyễn Ngọc Tuấn 
260 # # |a H. :  |b Thống kê,  |c 2004 
300 # # |a 752 tr. :  |b minh hoạ ;  |c 24 cm 
490 # # |a Đồ hoạ máy tính 
653 # # |a Đồ hoạ máy tính 
653 # # |a Phần mềm Corel Draw 
653 # # |a Xử lý hình ảnh 
923 # # |a 26/2005 
992 # # |a 110.000 
994 # # |a DLU 
900 # # |a True 
911 # # |a Đào Thị Thu Huyền 
925 # # |a G 
926 # # |a A 
927 # # |a SH 
980 # # |a Thư viện Trường Đại học Đà Lạt